00498cam a2200181ua 4500001000500000005001700005008003900022020001800061040000900079082001200088100001900100245005900119250000900178260004700187300001700234653002200251653004300273356520260515113711.0111121n ii |||gr||||Z||||||eng a81-85047-30-8 cMAIN a352.293 aKohli, A. B.,11aDirectory of union ministers 1947-1987cby A. B. Kohli a1st. aNew Delhi:bReliance publishing house,988. a136p:c23cm. aPolitical science aDirectory of union ministers 1947-1987